| 000 | 01306nam a22003857a 4500 | ||
|---|---|---|---|
| 003 | CHAP | ||
| 005 | 20220817041143.0 | ||
| 008 | 971013s1993 it r 00010 fre d | ||
| 010 | _a7541 | ||
| 011 | _a8513 | ||
| 020 | _a9252033408 | ||
| 035 | _a7742 | ||
| 040 | _cCHAP | ||
| 082 |
_a636.08 _bF3f v.110 |
||
| 110 | _aFAO | ||
| 245 | 1 | 0 |
_aL'amélioration génétique des bovins en Afrique de l'ouest _c/edité par Daniel Chapin, Hans Wagner et Trevor Wilson |
| 260 |
_aRome : _bFAO, _c1993 |
||
| 300 |
_a296 p. _b: ilus. |
||
| 490 | 0 |
_aFAO. Producción y sanidad animal _v; 110 |
|
| 590 |
_aBATCH-UPD _b10 _c20130110 _lUCH01 _h1200 |
||
| 590 |
_aBATCH-UPD _b10 _c20130410 _lUCH01 _h0743 |
||
| 590 |
_aBATCH-UPD _b10 _c20130914 _lUCH01 _h1402 |
||
| 590 |
_aCONVERSION _b10 _c20130109 _lUCH01 _h1305 |
||
| 650 | 1 | 4 |
_aGanado vacuno _xAfrica. _945427 |
| 650 | 1 | 4 |
_aGanado vacuno _xGenética. _945470 |
| 650 | 1 | 4 |
_aGanado vacuno _xMejoramiento. _945480 |
| 650 | 1 | 4 |
_aInseminación artificial. _958964 |
| 700 | 0 |
_aChupin, Daniel. _922983 |
|
| 700 | 0 |
_aWagner, Hans Gherardt. _9120783 |
|
| 700 | 0 |
_aWilson, Trevor. _9122239 |
|
| 830 | 0 |
_aFAO. Producción y sanidad animal _v; 110 _939655 |
|
| 901 | _aBK | ||
| 942 | _cLIBRO | ||
| 949 |
_a636.08 F3f v.110 _bBC _cFAO _d33724002134504 _eFAO1 _gDonaciØn _h84373 _i7742 _sb |
||
| 999 |
_c7541 _d7541 |
||